000
00246nam a2200097Ia 4500
001
696205
005
20250826162008.0
008
250824s9999 xx 000 0 und d
245
0
_a
ANNEM İÇİN/S.İLERİ/EVEREST
_c
SELİM İLERİ
260
_b
EVEREST
999
_c
696205
_d
696205